Statistics for Guess the 2000s Song by a Lyric #2

Click here to take the quiz!

General Stats

  • This quiz has been taken 234 times
    (233 since last reset)
  • The average score is 8 of 25

Answer Stats

LyricsTitleArtist% Correct
"'Cause if you like it, then you shoulda put a ring on it. If you like it, then you shoulda put a ring on it"Single Ladies (Put a Ring On It)Beyoncé
86%
"Concrete jungle where dreams are made of. There's nothin' you can't do, now you're in New York "Empire State of MindJay-Z (ft. Alicia Keys)
66%
"Uh huh, this my sh*t. All the girls stomp your feet like this"Hollaback GirlGwen Stefani
64%
"If I lay here, if I just lay here. Would you lie with me and just forget the world?"Chasing CarsSnow Patrol
62%
"There's vomit on his sweater already, mom's spaghetti"Lose YourselfEminem
61%
"I remember when I remember, I remember when I lost my mind"CrazyGnarls Barkley (ft. CeeLo Green)
58%
"People killin' people dyin'. Children hurtin', I hear them cryin’ “Where is the Love?The Black Eyed Peas
56%
"My shadow's the only one that walks beside me. My shallow heart's the only thing that's beating”Boulevard of Broken DreamsGreen Day
42%
"Beautiful girls all over the world; I could be chasing but my time would be wasted"Nothin’ On YouB.o.B (ft. Bruno Mars)
42%
"I ain't got the time. And if my daddy thinks I'm fine"RehabAmy Winehouse
39%
"Oh, whoa, oh, oh. Oh, oh oh. I'll get him hot, show him what I've got"Poker FaceLady Gaga
36%
"When I was a young boy, my father took me into the city”Welcome to the Black ParadeMy Chemical Romance
33%
"If I go crazy, then will you still call me Superman?"Kryptonite3 Doors Down
29%
"I don't think you trust in, my, self righteous suicide. I, cry, when angels deserve to die"Chop Suey!System of a Down
23%
"Whoa, well I never meant to brag, but I've gotten what I wanted now"Misery BusinessParamore
23%
"Getting born in the state of Mississippi. Papa was a copper, and her mama was a hippy"Dani CaliforniaRed Hot Chili Peppers
18%
"I've made up my mind. Don't need to think it over. If I'm wrong I am right. Don't need to look no further"Chasing PavementsAdele
17%
"I've put my trust in you, pushed as far as I can go”In the EndLinkin Park
17%
"They're gonna rip it off, taking their time right behind my back"Seven Nation ArmyThe White Stripes
17%
"Windmill, windmill for the land. Turn forever hand in hand"Feel Good Inc.Gorillaz
14%
"I've got another confession to make. I'm your fool"Best Of YouFoo Fighters
13%
"They will not force us. They will stop degrading us. They will not control us. We will be victorious "UprisingMuse
12%
"That may be all I'll need (all I need). In darkness, she is all I see (all I see)"Sunday MorningMaroon 5
6%
"What day is it? And in what month? This clock never seemed so alive"You And MeLifehouse
6%
"In your house I long to be; room by room patiently"Like a StoneAudioslave
4%

Score Distribution

Percentile by Number Answered

Percent of People with Each Score

Your Score History

You have not taken this quiz since the last reset